000
00268nam a2200121Ia 4500
008
190216s9999||||xx |||||||||||||| ||und||
100
_a
Bruce Wallace
245
0
_a
Adaptation
260
_b
Prentice Hall India
_c
1963
300
_a
113p
650
_a
Botany
942
_c
BK
999
_c
1064
_d
1064